Reporte No.1: Estadísticas mareales y oleaje incidente # 1: Mareas y oleaje interno
Guardado en:
| Autor principal: | |
|---|---|
| Formato: | Libro |
| Lenguaje: | Spanish |
| Publicado: |
[San José,Costa Rica]
1995
|
| Etiquetas: |
Agregar Etiqueta
Sin Etiquetas, Sea el primero en etiquetar este registro!
|
MARC
| LEADER | 00000nam a2200000Ia 4500 | ||
|---|---|---|---|
| 003 | PI0049 | ||
| 005 | 20240423095810.0 | ||
| 008 | 140114s1995 cr a 000 ||spa d | ||
| 040 | |c cru CEDI | ||
| 100 | |a Murillo B, Luis M |9 2976 | ||
| 245 | |a Reporte No.1: Estadísticas mareales y oleaje incidente # 1: Mareas y oleaje interno | ||
| 260 | |a [San José,Costa Rica] |c 1995 | ||
| 500 | |a A la cabeza de la portada: Programa d Desarrollo del Muelle Turístico: Muelle Nacional de Costa Rica Puntarenas. Instituto de Investigaciones en Ingeniería INII. Programa de Ingeniería Costera y Naval. Ministerio de Obras Públicas y Transportes. División de Obras Portuarias. Programa Cooperativo INII-MOPT. Rep. No.1 Periodo: 5 Dic. 1994- 18 Enero 1995 | ||
| 942 | |c PI |h PI-49 |i PI0049 |6 PI_49_PI0049 | ||
| 999 | |c 13030 |d 13030 | ||
